000 00466nam a2200181Ia 4500
001 21433
005 20260306172919.0
008 260306t2010||||xx |||||||||||||| ||spa||
041 _aESP
082 _a345
_bG312
100 _aCastillo Cordova, Luis
_eAUT
245 0 _aEl debido proceso:
_bestudios sobre derechos y garantías procesales
260 _c2010
300 _a447 páginas :
_c24 cm.
650 _aGEN
654 _aCDE
942 _cLIB
_dJUS
_fJUS
_2ddc
_n
999 _c21433
_d21433